000 00672nam a2200217Ia 4500
003 OSt
005 20230605120721.0
008 210423s2013 xx 000 0 und d
020 _a978-1-44626-653-3
040 _cAL
041 _aeng
082 _a344.0327 SEYP
100 _aSEYMOUR (Clare);SEYMOUR (Richard)
_9119565
245 _aPractical child law for social workers: a guide to English law and policy
260 _aLondon
_bSage Publications
_c2013
300 _axiv,214
_bPB
365 _b2285.21
_cGBP
650 _aSocial Labour Welfare Law
_9119566
906 _achild ; English ; guide ; law ; policy ; Practical ; social ; workers:
942 _2ddc
_cBK
999 _c176613
_d176613